LIBRARY & INFORMATION CENTRE, KCAET, TAVANUR

ONLINE PUBLIC ACCESS CATALOGUE (OPAC)

Agrometeorology and remote sensing; principles and practices (Record no. 13799)

MARC details
000 -LEADER
fixed length control field 00314nam a22001217a 4500
020 ## - INTERNATIONAL STANDARD BOOK NUMBER
ISBN 9788177541984
020 ## - INTERNATIONAL STANDARD BOOK NUMBER
ISBN 8177541986
082 ## - DEWEY DECIMAL CLASSIFICATION NUMBER
Classification number 633.082
Item number SAh/AG
100 ## - MAIN ENTRY--AUTHOR NAME
Personal name Sahu, D.D
245 ## - TITLE STATEMENT
Title Agrometeorology and remote sensing; principles and practices
260 ## - PUBLICATION, DISTRIBUTION, ETC. (IMPRINT)
Place of publication Jodhpur
Name of publisher Agrobios (India)
Year of publication 2010
942 ## - ADDED ENTRY ELEMENTS (KOHA)
Koha item type Books
Holdings
Withdrawn status Lost status Damaged status Collection code Home library Current library Shelving location Date acquired Source of acquisition Cost, normal purchase price Full call number Accession Number Koha item type
      Non-fiction KAUAET KAUAET General Stacks 31/03/2012 Southern Book star, Tvm 595.00 633.082 SAH/AG 23372 Books
free website counter